header

Philippa Fisher's Fairy Godsister (Record no. 260867)

MARC details
000 -LEADER
fixed length control field 00253nam a22001097a 4500
020 ## - INTERNATIONAL STANDARD BOOK NUMBER
ISBN 9780545209236
100 ## - MAIN ENTRY--AUTHOR NAME
Personal name Liz Kesslen
245 ## - TITLE STATEMENT
Title Philippa Fisher's Fairy Godsister
260 ## - PUBLICATION, DISTRIBUTION, ETC. (IMPRINT)
Place of publication New York
Name of publisher Scholastic
Year of publication 2007
300 ## - PHYSICAL DESCRIPTION
Number of Pages 274 pgs
942 ## - ADDED ENTRY ELEMENTS (KOHA)
Koha item type Long Loan Books

No items available.

© 2026 Rongo University
Contact us: librarian | system librarian | Rongo university